Es diumenge, Charlie Brown! (Record no. 140215)

MARC details
000 -LEADER
campo de control de longitud fija 00663nam a2200205 4500
001 - NÚMERO DE CONTROL
campo de control 140215
003 - IDENTIFICADOR DE NÚMERO DE CONTROL
campo de control ES-MaACL
005 - FECHA Y HORA DE LA ÚLTIMA TRANSACCIÓN
campo de control 20250831115443.0
007 - CAMPO FIJO DE DESCRIPCIÓN FÍSICA--INFORMACIÓN GENERAL
campo de control de longitud fija t|
008 - DATOS DE LONGITUD FIJA--INFORMACIÓN GENERAL
campo de control de longitud fija 070214s1968 sp r ||||1| cat d
100 1# - ENTRADA PRINCIPAL--NOMBRE DE PERSONA
Nombre de persona Schulz, Charles M.
9 (RLIN) 104789
245 10 - MENCIÓN DEL TÍTULO
Título Es diumenge, Charlie Brown!
Resto del título : peanuts /
Mención de responsabilidad, etc. Charles M. Schulz ; práoleg d'Umberto Eco ; traducció d'Antoni Pigrau i Rodríguez.
250 ## - MENCION DE EDICION
Mención de edición 1ª. ed.
260 ## - PUBLICACIÓN, DISTRIBUCIÓN, ETC.
Lugar de publicación, distribución, etc. Barcelona :
Nombre del editor, distribuidor, etc. Edicions 62,
Fecha de publicación, distribución, etc. 1968.
300 ## - DESCRIPCIÓN FÍSICA
Extensión 68 h. :
Otras características físicas il. ;
Dimensiones 22 cm.
700 1# - ENTRADA AGREGADA--NOMBRE PERSONAL
Nombre de persona Eco, Umberto,
Fechas asociadas al nombre 1932-2016
9 (RLIN) 46611
700 1# - ENTRADA AGREGADA--NOMBRE PERSONAL
Nombre de persona Pigrau, Antoni.
9 (RLIN) 92005
852 ## - LOCALIZACIÓN
Ubicación ES-MaACL
Número de control de estantería C-49813
Sublocalización o colección R.67972
Holdings
Estatus retirado Estado de pérdida Estado de daño No para préstamo Biblioteca de origen Biblioteca actual Ubicación en estantería Fecha de adquisición Fuente de adquisición Total de préstamos Signatura topográfica completa Código de barras Visto por última vez Precio de reemplazo Tipo de ítem Koha
        Biblioteca del Ateneo de Madrid Biblioteca del Ateneo de Madrid Depósito 2 17/01/2008     C-49813 1145912 23/02/2023 23/02/2023 Libro impreso